| 000 | 00532nam a2200169 a 4500 | ||
|---|---|---|---|
| 001 | 3733 | ||
| 003 | CDMR | ||
| 005 | 20130305165504.0 | ||
| 008 | 130130s1923||||||||||||||||||||||||||||d | ||
| 040 |
_aCDMR _bcat _cCDMR |
||
| 245 | 0 | 0 |
_aVida de periodistas ilustres _b: Pi y Margall, Mañé y Flaquer, Feliu y Codina |
| 260 |
_aBarcelona _c1923 _bAsociación de la Prensa Diaria de Barcelona |
||
| 700 | 1 |
_91710 _aPi i Margall, Francesc |
|
| 700 | 1 |
_9616 _aFeliu i Codina, Josep |
|
| 700 | 1 |
_91331 _aMañé i Flaquer, Juan |
|
| 942 |
_cMON _2ddc |
||
| 999 |
_c3733 _d3733 |
||